E-logistics and e-supply chain management applications for evolving business
Salvato in:
| Autore principale: | |
|---|---|
| Altri autori: | , |
| Natura: | Libro |
| Lingua: | inglese |
| Pubblicazione: |
Hershey
Business Science Reference
2013
|
| Soggetti: | |
| Tags: |
Nessun Tag, puoi essere il primo ad aggiungerne!!
|
MARC
| LEADER | 00000nam a2200000 4500 | ||
|---|---|---|---|
| 001 | 0185875 | ||
| 005 | 20240306140249.7 | ||
| 020 | |a 978-1-4666-3914-0 | ||
| 041 | 0 | |a eng | |
| 044 | |a US | ||
| 245 | 1 | 0 | |a E-logistics and e-supply chain management |b applications for evolving business |c Deryn Graham, Ioannis Manikas, Dimitris Folinas |
| 264 | 1 | |a Hershey |b Business Science Reference |c 2013 | |
| 300 | |a 326 s. | ||
| 610 | 2 | 0 | |a logistika elektronická |
| 610 | 2 | 0 | |a riadenie reťazcov dodávateľských |
| 610 | 2 | 0 | |a digitalizácia |
| 610 | 2 | 0 | |a podnikanie |
| 610 | 2 | 0 | |a logistika podniková |
| 610 | 2 | 0 | |a obchod elektronický |
| 100 | 1 | |a Graham, Deryn | |
| 700 | 1 | |a Manikas, Ioannis | |
| 700 | 1 | |a Folinas, Dimitris | |